=LDR 00000nam 2200000 4500 =001 INLIS000000000012003 =005 20130612103542 =008 ***********************************Ind** =035 ##$$0010-061300000012003 =041 ##$$a Ind =082 ##$$a 525 =090 ##$$a 525, Rat b =100 ##$$a Ratim, m =245 ##$$a Bumi dan antariksa (kosmografi), M.Ratim, Misriyadi =260 ##$$a 1982 $b Bandung =300 ##$$a ....jil, ilus, 21 cm =650 ##$$a Bumi =850 ##$$a NBPNMAT